Trastornos de la conducta y del desarrollo en el niño / (Record no. 143450)

MARC details
000 -LEADER
campo de control de longitud fija 00714nam a2200205 i 4500
001 - NÚMERO DE CONTROL
campo de control 143450
003 - IDENTIFICADOR DE NÚMERO DE CONTROL
campo de control ES-MaACL
005 - FECHA Y HORA DE LA ÚLTIMA TRANSACCIÓN
campo de control 20230906200822.0
007 - CAMPO FIJO DE DESCRIPCIÓN FÍSICA--INFORMACIÓN GENERAL
campo de control de longitud fija t|
008 - DATOS DE LONGITUD FIJA--INFORMACIÓN GENERAL
campo de control de longitud fija 070214s1971 sp |||| | spa d
100 1# - ENTRADA PRINCIPAL--NOMBRE DE PERSONA
Nombre de persona Senn, Milton J. E.
9 (RLIN) 105472
245 10 - MENCIÓN DEL TÍTULO
Título Trastornos de la conducta y del desarrollo en el niño /
Mención de responsabilidad, etc. Milton J.E. Senn, Albert J. Solnit ; versión de A. Garrido Juan.
260 ## - PUBLICACIÓN, DISTRIBUCIÓN, ETC.
Lugar de publicación, distribución, etc. Barcelona :
Nombre del editor, distribuidor, etc. Ed. Pedriática,
Fecha de publicación, distribución, etc. 1971.
300 ## - DESCRIPCIÓN FÍSICA
Extensión XII, 326 p. :
Otras características físicas il. ;
Dimensiones 25 cm.
650 #4 - PUNTO DE ACCESO ADICIONAL DE MATERIA--TÉRMINO DE MATERIA
Término de materia o nombre geográfico como elemento de entrada Trastornos del desarrollo en niños.
9 (RLIN) 165270
650 #4 - PUNTO DE ACCESO ADICIONAL DE MATERIA--TÉRMINO DE MATERIA
Término de materia o nombre geográfico como elemento de entrada Conducta-
Subdivisión general Trastornos en niños.
9 (RLIN) 165271
700 1# - ENTRADA AGREGADA--NOMBRE PERSONAL
Nombre de persona Solnit, Albert J.
9 (RLIN) 107234
700 1# - ENTRADA AGREGADA--NOMBRE PERSONAL
Nombre de persona Garrido Juan, A.
9 (RLIN) 55707
852 ## - LOCALIZACIÓN
Ubicación ES-MaACL
Número de control de estantería C-42713
Holdings
Estatus retirado Estado de pérdida Estado de daño No para préstamo Biblioteca de origen Biblioteca actual Ubicación en estantería Fecha de adquisición Fuente de adquisición Total de préstamos Signatura topográfica completa Código de barras Visto por última vez Precio de reemplazo Tipo de ítem Koha
        Biblioteca del Ateneo de Madrid Biblioteca del Ateneo de Madrid Depósito 2 17/01/2008     C-42713 1149248 23/02/2023 23/02/2023 Libro impreso